Freedom and religion in the nineteenth century
Na minha lista:
| Autor principal: | |
|---|---|
| Formato: | Livro |
| Idioma: | inglês |
| Publicado em: |
Palo Alto, Estados Unidos
Stanford University Press
1997
|
| Colecção: | Colección The Making of Modern Freedom
|
| Assuntos: | |
| Tags: |
Adicionar Tag
Sem tags, seja o primeiro a adicionar uma tag!
|
MARC
| LEADER | 00000nam a2200000 a 4500 | ||
|---|---|---|---|
| 001 | UCP0697 | ||
| 003 | CL-VaPUC | ||
| 005 | 20250103100355.0 | ||
| 008 | 990319e19970000us |||||||||||||||||eng|d | ||
| 999 | |c 279449 |d 279447 | ||
| 040 | |c Pontificia Universidad Católica de Valparaíso | ||
| 082 | 0 | 4 | |a 323.442 HEL 1997 |2 21 |
| 100 | 0 | |a Helmstadter, Richard |e author |9 426142 | |
| 245 | 1 | 0 | |a Freedom and religion in the nineteenth century |
| 260 | |a Palo Alto, Estados Unidos |b Stanford University Press |c 1997 | ||
| 300 | |a 446 páginas | ||
| 490 | 0 | |a Colección The Making of Modern Freedom | |
| 583 | |k Rodrigo Vera |c 20200731 | ||
| 650 | 7 | |a LIBERTAD RELIGIOSA |2 CL-VaPUC |9 426143 | |
| 650 | 0 | |a Libertad de conciencia |9 310064 | |
| 650 | 0 | |a Iglesia Católica |9 256114 | |
| 650 | 7 | |a HISTORIA DE LA RELIGION |2 CL-VaPUC |9 426144 |y SIGLO 19 |z CHILE |z FRANCIA |z INGLATERRA | |
| 852 | |a BIBCUR | ||
| 942 | |c BK |2 ddc | ||
| 945 | |d 19990319 00:00:00 |a aarredon | ||
| 952 | |0 0 |1 0 |2 ddc |4 0 |6 323_442000000000000_HEL_1997 |7 0 |8 A |9 318965 |a BIBHIS |b BIBHIS |d 2019-11-20 |i 3500012 |o 323.442 HEL 1997 |p 3500012 |r 2025-01-20 |t 1 |w 2019-11-20 |y BK |k HIS | ||